| 000 | 00401nam a2200157Ia 4500 | ||
|---|---|---|---|
| 008 | 230917s9999||||xx |||||||||||||| ||und|| | ||
| 020 | _cPOU15 | ||
| 040 |
_e1842 _aMAIN |
||
| 041 | _aEnglish | ||
| 082 | _a548.9 W679T | ||
| 100 | _aWillis, B T M | ||
| 245 | 0 | _aThermal vibration in crystallography | |
| 260 |
_aCambridge _bCambridge University Press _c1975 |
||
| 300 | _axvi, 280 p. | ||
| 942 | _cBK | ||
| 999 |
_c212012 _d212012 |
||